Countries of the World beginning with 'A' - Statistics

General Stats
  • This quiz has been taken 54 times
    10 since last reset
  • The average score is 10 of 11
Answer Stats
Answer % Correct
Afghanistan
100%
Albania
100%
Argentina
100%
Armenia
100%
Australia
100%
Austria
100%
Azerbaijan
100%
Algeria
86%
Andorra
86%
Angola
71%
Antigua and Barbuda
57%
No matching quizzes found
Score Distribution
Percent of People with Each Score
Percentile by Number Answered
Your Score History
You have not taken this quiz since the last reset